Antagonistic activity of trichoderma spp. against fusarium oxysporum f. sp. cubense, causal fungus of banana wilt / (Record no. 97668)
[ view plain ]
| 000 -LEADER | |
|---|---|
| fixed length control field | 00545nam a2200145 a 4500 |
| 005 - DATE AND TIME OF LATEST TRANSACTION | |
| control field | 20140408090130.0 |
| 008 - FIXED-LENGTH DATA ELEMENTS--GENERAL INFORMATION | |
| fixed length control field | 060802s19uu xx 00 eng d |
| 050 ## - LIBRARY OF CONGRESS CALL NUMBER | |
| Classification number | PHS '06 |
| Item number | So5 #101 |
| 100 ## - MAIN ENTRY--PERSONAL NAME | |
| Personal name | Someda, Steffani Krista D. |
| 245 ## - TITLE STATEMENT | |
| Title | Antagonistic activity of trichoderma spp. against fusarium oxysporum f. sp. cubense, causal fungus of banana wilt / |
| Statement of responsibility, etc | Steffani Krista D. Someda. |
| 260 ## - PUBLICATION, DISTRIBUTION, ETC. (IMPRINT) | |
| Place of publication, distribution, etc | Las Pinas City : |
| Name of publisher, distributor, etc | Southville International School and Colleges, |
| Date of publication, distribution, etc | 2006. |
| 300 ## - PHYSICAL DESCRIPTION | |
| Extent | 41 leaves |
| 650 ## - SUBJECT ADDED ENTRY--TOPICAL TERM | |
| Topical term or geographic name as entry element | Experimental method. |
| 942 ## - ADDED ENTRY ELEMENTS (KOHA) | |
| Koha item type | PASS |
| Withdrawn status | Lost status | Source of classification or shelving scheme | Damaged status | Home library | Current library | Shelving location | Date acquired | Source of acquisition | Total Checkouts | Full call number | Barcode | Date last seen | Price effective from | Koha item type | Public note |
|---|---|---|---|---|---|---|---|---|---|---|---|---|---|---|---|
| Withdrawn | Library of Congress Classification | Luxembourg Library | Luxembourg Library | Portfolio Assessment of SISC Students Section | 07/24/2006 | Donation | PHS '06 So5 #101 | P1713 | 12/12/2019 | 04/08/2014 | PASS | on loan by Dr. Tan |